000 00557nam a22001817a 4500
003 OSt
005 20260421032840.0
008 250708b |||||||| |||| 00| 0 eng d
040 _aDWCL - Main lib
_cOC
082 _aCirc. 613.25 F853 2007
245 _aFree to live :
_bsuccess kit/
260 _aPennsylvania :
_bLA Weight Loss Franchise Company,
_cc2007.
300 _avarious pagings :
_b illustrations (color) ;
_c 22 cm.
650 _a1. Nutrition.
650 _a2. Self-care, Health.
650 _a3. Weight loss.
942 _2ddc
_cBK-CIRC
_kCirc.
_n0
999 _c3436
_d3436